000 01763cam a22005057a 4500
003 CHAP
005 20250613132657.0
008 971013s1984 r 00010 d
010 _a359
011 _a1331
035 _a507
040 _cCHAP
082 _a630.7207291
_bI55
110 _aInstituto de Investigaciones Fundamentales en Agricultura Tropical Alejandro de Humboldt. La Habana, Cuba
_959147
245 0 _a80 años de la Estación Experimental Agronómica de Santiago de las Vegas
260 _aLa Habana, Cuba :
_bEditorial Científico Técnica,
_c1984
300 _a687 p.
_b: ilus.
590 _aBATCH-UPD
_b10
_c20130110
_lUCH01
_h0004
590 _aBATCH-UPD
_b10
_c20130110
_lUCH01
_h0907
590 _aBATCH-UPD
_b10
_c20130409
_lUCH01
_h1940
590 _aBATCH-UPD
_b10
_c20130410
_lUCH01
_h0534
590 _aBATCH-UPD
_b10
_c20130913
_lUCH01
_h2324
590 _aCONVERSION
_b10
_c20130109
_lUCH01
_h1302
650 1 4 _aAgricultura
_xInvestigacion
_xCuba.
_91609
650 1 4 _aAjo
_xCuba.
_93178
650 1 4 _aArroz
_xCuba.
_97591
650 1 4 _aBotánica médica.
_914680
650 1 4 _aBotánica
_xTrópicos.
_914626
650 1 4 _aCafé
_xCuba.
_917122
650 1 4 _aCalabaza
_xCuba.
_917267
650 1 4 _aCaña de azúcar
_xCuba.
_918593
650 1 4 _aCítricos
_xCuba.
_924416
650 1 4 _aFrijol
_xCuba.
_943357
650 1 4 _aHerbicidas.
_953691
650 1 4 _aHorticultura
_xCuba.
_956320
650 1 4 _aMaíz
_xCuba.
_970924
650 1 7 _aPiña (Ananas comosus)
_xMercadeo
_2
_988411
650 1 4 _aPlátano
_xCuba.
_989224
650 1 4 _aRocío
_xEfecto en plantas.
_998225
650 1 4 _aTomate
_xCuba.
_9113703
650 1 4 _aYuca
_xCuba.
_9123280
901 _aBK
942 _cLIBRO
949 _a630.7207291 I55
_bBC
_cESP
_d-9958
_eESP
_h74987
_i507
_si
999 _c359
_d359